| 000 | 00707nam a2200217 a 4500 | ||
|---|---|---|---|
| 003 | AM-YEHGA | ||
| 040 | _aAM-YeHGA | ||
| 942 |
_2udc _cBK |
||
| 001 | 1761027 | ||
| 005 | 20250617160816.0 | ||
| 008 | 971104s1961 ru 000 0 rus d | ||
| 020 | _c145.00 | ||
| 041 | 0 | _arus | |
| 100 | 1 | _aОвчаренко, Александр Иванович | |
| 245 | 1 | 0 |
_aПублицистика М. Горького / _cАлександр Иванович Овчаренко. |
| 260 |
_aМосква : _bСоветский писатель, _c1961. |
||
| 300 | _a652 с. | ||
| 600 | 1 | _aГорький, Алексей Максимович | |
| 653 | 0 | _aЛитературоведение | |
| 090 | _c463599 | ||
| 999 |
_c460514 _d460514 |
||